FIFA 22 TOTW 20 - Statistics

General Stats
  • This quiz has been taken 6 times
  • The average score is 6 of 23
Answer Stats
Club Position Rating Answer % Correct
Liverpool LW 91 Sadio Mane
100%
PSG RW 88 Angel Di Maria
83%
Rangers LB 81 Borna Barisic
67%
Porto RM 84 Otavio
67%
Everton ST 81 Salomon Rondon
67%
Lyon ST 84 Karl Toko-Ekambi
50%
Real Sociedad GK 84 Mathew Ryan
50%
Oxford United CDM 75 Cameron Brannagan
17%
Bolton Wanderers ST 75 Dion Charles
17%
Basel CDM 79 Fabian Frei
17%
Niort ST 76 Ibrahim Sissoko
17%
QPR ST 77 Lyndon Dykes
17%
Hyderabad FC LB 67 Akash Mishra
0%
Feyenoord LM 79 Alireza Jahanbakhsh
0%
Eibar RB 78 Alvaro Tejero
0%
Sepsi OSK RW 73 Anass Achahbar
0%
FC Magdeburg ST 77 Baris Atik
0%
Santos Laguna CB 76 Felix Torres
0%
Stevenage CM 72 Jake Reeves
0%
KV Kortrijk GK 76 Marko Ilic
0%
Brisbane Roar LM 72 Nikola Mileusnic
0%
FC Cartagena ST 77 Ruben Castro
0%
Hatayspor LB 76 Sam Adekugbe
0%
No matching quizzes found
Score Distribution
Percent of People with Each Score
Percentile by Number Answered
Your Score History
You have not taken this quiz